| 000 | 00482nam a2200169Ia 4500 | ||
|---|---|---|---|
| 008 | 230917s9999||||xx |||||||||||||| ||und|| | ||
| 020 | _cRS 595.00 | ||
| 040 |
_e5003295 _aMAIN |
||
| 041 | _aEnglish | ||
| 082 | _a006.31 T329D | ||
| 100 | _aThareja, Reema | ||
| 245 | 0 | _aData science and machine learning with R | |
| 260 |
_aChennai _bMcGraw-Hill Education (India) _c2021 |
||
| 300 | _axxiii, 472 p. | ||
| 500 | _a4533 10/02/2022 APD22/1134019 15/02/2022 Main Budget | ||
| 942 | _cBK | ||
| 999 |
_c5478 _d5478 |
||